The woe shirt : Caribbean folk tales /

Bibliographic Details
Main Author: Bartón, Paulé
Other Authors: Norman, Howard A., Laliberté, Norman
Format: Book
Language:English
Multiple languages
Published: Lincoln [Mass.] : Penmaen Press, [1980]
Edition:1st ed.
Subjects:

MARC

Tag First Indicator Second Indicator Subfields
LEADER 00000cam a2200000 a 4500
001 in00000075996
005 20151008054932.0
008 810331s1980 maua 00010 eng d
010 |a  80081728  
020 |a 0915778378  |c 12.50 
020 |z 091577836X (special ed.) 
035 |a (OCoLC)07289707 
035 |9 AAJ2103AM 
040 |a ZYU  |c ZYU  |d TXA  |d UtOrBLW 
041 1 |a eng  |a mul 
043 |a cc----- 
049 |a TXAM  |c [1804249] 
090 |a GR120  |b .B3 
100 1 |a Bartón, Paulé. 
245 1 4 |a The woe shirt :  |b Caribbean folk tales /  |c by Paule Barton as translated by Howard A. Norman ; with drawings by Norman Laliberte. 
250 |a 1st ed. 
264 1 |a Lincoln [Mass.] :  |b Penmaen Press,  |c [1980] 
264 4 |c ©1980 
300 |a 62 pages :  |b illustrations ;  |c 24 cm. 
336 |a text  |b txt  |2 rdacontent 
337 |a unmediated  |b n  |2 rdamedia 
338 |a volume  |b nc  |2 rdacarrier 
650 0 |a Folklore  |z Caribbean Area. 
700 1 |a Norman, Howard A. 
700 1 |a Laliberté, Norman. 
999 |a MARS 
999 f f |s 7433fba3-8784-3353-98d4-9a7d290dd196  |i d6f2b4b7-9628-373c-ae55-760c10abefbf  |t 0 
952 f f |p ric  |a Texas A&M University  |b Rellis Campus  |c Joint Library Facility  |d Remote Storage  |t 0  |e GR120 .B3  |h Library of Congress classification  |i unmediated -- volume  |m A14806114901 
998 f f |a GR120 .B3  |t 0  |l Remote Storage